Los Ricos más ricos de El Salvador /
Gardado en:
| Autor Principal: | |
|---|---|
| Formato: | Texto |
| Etiquetas: |
Engadir etiqueta
Sen Etiquetas, Sexa o primeiro en etiquetar este rexistro!
|
MARC
| LEADER | 00000 a a2200000 04500 | ||
|---|---|---|---|
| 001 | 5142 | ||
| 003 | |||
| 040 | |||
| 100 | |a Albias, M. Dolores | ||
| 245 | |a Los Ricos más ricos de El Salvador / |c M. Dolores Albias | ||
| 773 | |g volumen 44, número 612; páginas 841-864 | ||
| 999 | |c 26145 |d 26145 | ||
